<?xml version="1.0" encoding="UTF-8"?><?xml-stylesheet type="text/xsl" href="static/style.xsl"?><OAI-PMH xmlns="http://www.openarchives.org/OAI/2.0/" xmlns:xsi="http://www.w3.org/2001/XMLSchema-instance" xsi:schemaLocation="http://www.openarchives.org/OAI/2.0/ http://www.openarchives.org/OAI/2.0/OAI-PMH.xsd"><responseDate>2026-06-07T07:41:25Z</responseDate><request verb="GetRecord" identifier="oai:riuma.uma.es:10630/11715" metadataPrefix="marc">https://riuma.uma.es/rest/oai/request</request><GetRecord><record><header><identifier>oai:riuma.uma.es:10630/11715</identifier><datestamp>2026-02-03T12:32:39Z</datestamp><setSpec>com_10630_2254</setSpec><setSpec>col_10630_37959</setSpec></header><metadata><record xmlns="http://www.loc.gov/MARC21/slim" xmlns:dcterms="http://purl.org/dc/terms/" xmlns:doc="http://www.lyncode.com/xoai" xmlns:xsi="http://www.w3.org/2001/XMLSchema-instance" xsi:schemaLocation="http://www.loc.gov/MARC21/slim http://www.loc.gov/standards/marcxml/schema/MARC21slim.xsd">
   <leader>00925njm 22002777a 4500</leader>
   <datafield ind2=" " ind1=" " tag="042">
      <subfield code="a">dc</subfield>
   </datafield>
   <datafield ind2=" " ind1=" " tag="720">
      <subfield code="a">Angulo-Guerrero, María José</subfield>
      <subfield code="e">author</subfield>
   </datafield>
   <datafield ind2=" " ind1=" " tag="720">
      <subfield code="a">Pérez-Moreno, Salvador Jesús</subfield>
      <subfield code="e">author</subfield>
   </datafield>
   <datafield ind2=" " ind1=" " tag="720">
      <subfield code="a">Abad-Guerrero, Isabel María</subfield>
      <subfield code="e">author</subfield>
   </datafield>
   <datafield ind2=" " ind1=" " tag="260">
      <subfield code="c">2016-06-30</subfield>
   </datafield>
   <datafield ind2=" " ind1=" " tag="520">
      <subfield code="a">Entrepreneurship displays remarkable differences across countries because of diverse factors. In this sense, it is frequently argued that economic liberalization encourages entrepreneurship. In this paper we address the extent to which economic freedom, understood as market economy oriented institutions and policies, matters for entrepreneurial activity through a panel data analysis for 78 countries during the period 2001-2012. We examine the relationship between the Fraser Institute’s economic freedom index and its five areas, and three entrepreneurial activity indicators from the Global Entrepreneurship Monitor, namely total entrepreneurial activity, necessity entrepreneurship and opportunity entrepreneurship. Economic freedom seems to increase opportunity entrepreneurship and decrease necessity entrepreneurship. Focusing on the OECD countries, we highlight that economic freedom is positively associated with entrepreneurship. In terms of entrepreneurship motivation, we find that a more flexible regulation of credit, labor and business, as well as entrepreneurial attitudes, may contribute to enhance opportunity entrepreneurship</subfield>
   </datafield>
   <datafield ind1="8" ind2=" " tag="024">
      <subfield code="a">http://hdl.handle.net/10630/11715</subfield>
   </datafield>
   <datafield tag="653" ind2=" " ind1=" ">
      <subfield code="a">Economía de libre mercado</subfield>
   </datafield>
   <datafield ind2="0" ind1="0" tag="245">
      <subfield code="a">Entrepreneurship and Economic Liberalization in the OECD Countries</subfield>
   </datafield>
</record>
</metadata></record></GetRecord></OAI-PMH>